[Event "Asian Nations Cup - Women"]
[Site "http://asianchess.com/live/mnations/ancw/"]
[Date "2016.03.29"]
[Round "2"]
[Board "3"]
[White "Hoang, Thi Nhu Y"]
[Black "Jehad, Aysha"]
[Result "1-0"]
[WhiteElo "2247"]
[BlackElo "1597"]
[PlyCount "0"]
[EventDate "2016.03.28"]
[EventType "team"]
[EventRounds "9"]
[EventCountry "UAE"]
[WhiteTeam "Vietnam"]
[BlackTeam "UAE - 2"]

1. c4 {[%clk 1:30:57]} c5 {[%clk 1:30:55]} 2. g3 {[%clk 1:31:17]} Nc6
{[%clk 1:29:41]} 3. Bg2 {[%clk 1:31:41]} g6 {[%clk 1:29:51]} 4. Nf3
{[%clk 1:32:02]} e5 {[%clk 1:29:34]} 5. Nc3 {[%clk 1:31:57]} Bg7 {[%clk 1:28:59]}
6. d3 {[%clk 1:32:03]} Nge7 {[%clk 1:28:18]} 7. O-O {[%clk 1:31:17]} O-O
{[%clk 1:27:49]} 8. a3 {[%clk 1:30:03]} d6 {[%clk 1:25:29]} 9. Rb1
{[%clk 1:30:06]} a5 {[%clk 1:25:12]} 10. Ne1 {[%clk 1:29:46]} Be6
{[%clk 1:14:56]} 11. Nc2 {[%clk 1:29:03]} d5 {[%clk 1:03:32]} 12. cxd5
{[%clk 1:26:53]} Nxd5 {[%clk 1:03:15]} 13. Ne3 {[%clk 1:26:37]} Nde7
{[%clk 1:00:06]} 14. Nc4 {[%clk 1:25:49]} b6 {[%clk 0:37:08]} 15. Bd2
{[%clk 1:20:18]} Rb8 {[%clk 0:33:53]} 16. Nb5 {[%clk 1:14:27]} Nd4
{[%clk 0:24:04]} 17. Nxd4 {[%clk 1:13:48]} cxd4 {[%clk 0:20:28]} 18. b4
{[%clk 1:13:20]} Nd5 {[%clk 0:13:29]} 19. bxa5 {[%clk 1:12:23]} b5
{[%clk 0:06:09]} 20. Bxd5 {[%clk 1:10:22]} Qxd5 {[%clk 0:03:23]} 21. Nb6
{[%clk 1:10:36]} Rxb6 {[%clk 0:02:56]} 22. axb6 {[%clk 1:10:59]} Bh3
{[%clk 0:03:16]} 23. f3 {[%clk 1:11:16]} Bxf1 {[%clk 0:03:21]} 24. Kxf1
{[%clk 1:11:34]} Rb8 {[%clk 0:01:49]} 25. Qb3 {[%clk 1:09:20]} Qxb3
{[%clk 0:01:15]} 26. Rxb3 {[%clk 1:09:45]} Rxb6 {[%clk 0:01:25]} 27. a4
{[%clk 1:10:03]} b4 {[%clk 0:01:04]} 28. Rxb4 {[%clk 1:09:23]} Rxb4
{[%clk 0:01:12]} 29. Bxb4 {[%clk 1:09:47]} Bf6 {[%clk 0:01:06]} 30. a5
{[%clk 1:09:20]} Bd8 {[%clk 0:01:14]} 31. a6 {[%clk 1:09:45]} Bb6
{[%clk 0:01:36]} 32. Bd6 {[%clk 1:10:12]} f6 {[%clk 0:01:46]} 33. Bb8
{[%clk 1:10:36]} Kf7 {[%clk 0:01:55]} 34. a7 {[%clk 1:11:00]} Bxa7
{[%clk 0:02:21]} 35. Bxa7 {[%clk 1:11:26]} Ke6 {[%clk 0:02:11]} 36. Ke1
{[%clk 1:11:27]} Kd5 {[%clk 0:01:04]} 37. e4+ {[%clk 1:11:04]} dxe3
{[%clk 0:00:55]} 38. Ke2 {[%clk 1:11:26]} Ke6 {[%clk 0:00:37]} 39. Kxe3
{[%clk 1:11:51]} h5 {[%clk 0:00:36]} 40. f4 {[%clk 1:12:06]} Kf5 {[%clk 0:00:36]}
41. fxe5 {[%clk 1:12:20]} Kxe5 {[%clk 0:00:33]} 42. Bd4+ {[%clk 1:12:11]} Kf5
{[%clk 0:00:49]} 43. h3 {[%clk 1:12:10]} Ke6 {[%clk 0:28:18]} 44. Bc3
{[%clk 1:43:26]} g5 {[%clk 0:25:56]} 45. Kf3 {[%clk 1:43:35]} f5 {[%clk 0:22:47]}
46. h4 {[%clk 1:43:57]} Kd5 47. Ke4+ 1-0

[Event "Asian Nations Cup - Women"]
[Site "http://asianchess.com/live/mnations/ancw/"]
[Date "2016.03.29"]
[Round "2"]
[Board "3"]
[White "Dauletova, Gulmira"]
[Black "Wickramasinghe, Dilhara Ishini"]
[Result "1-0"]
[WhiteElo "2269"]
[BlackElo "1757"]
[PlyCount "0"]
[EventDate "2016.03.28"]
[EventType "team"]
[EventRounds "9"]
[EventCountry "UAE"]
[WhiteTeam "Kazakhstan"]
[BlackTeam "Sri Lanka"]

1. e4 {[%clk 1:30:56]} c5 {[%clk 1:30:52]} 2. Nf3 {[%clk 1:31:16]} d6
{[%clk 1:31:13]} 3. Bb5+ {[%clk 1:31:36]} Bd7 {[%clk 1:31:33]} 4. Bxd7+
{[%clk 1:31:58]} Qxd7 {[%clk 1:31:57]} 5. O-O {[%clk 1:32:13]} Nc6
{[%clk 1:31:46]} 6. c3 {[%clk 1:32:17]} Nf6 {[%clk 1:31:35]} 7. Qe2
{[%clk 1:32:15]} e6 {[%clk 1:28:31]} 8. d4 {[%clk 1:32:15]} cxd4 {[%clk 1:28:41]}
9. cxd4 {[%clk 1:32:36]} d5 {[%clk 1:28:09]} 10. e5 {[%clk 1:32:58]} Ne4
{[%clk 1:28:10]} 11. Be3 {[%clk 1:33:18]} Be7 {[%clk 1:25:00]} 12. Ne1
{[%clk 1:33:35]} f6 {[%clk 1:16:13]} 13. f3 {[%clk 1:33:39]} Ng5 {[%clk 1:15:50]}
14. Nd3 {[%clk 1:33:39]} Nf7 {[%clk 0:53:14]} 15. f4 {[%clk 1:33:26]} b6
{[%clk 0:42:48]} 16. Nd2 {[%clk 1:29:02]} O-O-O {[%clk 0:29:13]} 17. a3
{[%clk 1:26:20]} Nh6 {[%clk 0:23:07]} 18. Bf2 {[%clk 1:23:10]} Nf5
{[%clk 0:22:23]} 19. Nf3 {[%clk 1:23:22]} Rde8 {[%clk 0:11:52]} 20. b4
{[%clk 1:22:51]} h5 {[%clk 0:10:44]} 21. Qd2 {[%clk 1:19:08]} Kb7
{[%clk 0:07:11]} 22. a4 {[%clk 1:19:17]} Nb8 {[%clk 0:05:11]} 23. b5
{[%clk 1:19:19]} Rc8 {[%clk 0:04:28]} 24. a5 {[%clk 1:17:51]} Rc4
{[%clk 0:01:01]} 25. axb6 {[%clk 1:17:36]} axb6 {[%clk 0:00:58]} 26. Qa2
{[%clk 1:14:37]} Kc8 {[%clk 0:00:40]} 27. Nb2 {[%clk 1:10:11]} Rc7
{[%clk 0:00:40]} 28. Rfc1 {[%clk 1:07:38]} Kd8 {[%clk 0:00:37]} 29. Qa8
{[%clk 1:06:07]} Rc8 {[%clk 0:00:35]} 30. Na4 {[%clk 1:01:53]} Qxb5
{[%clk 0:00:34]} 31. Rxc8+ {[%clk 1:01:55]} Kxc8 {[%clk 0:01:00]} 32. Rc1+
{[%clk 1:02:18]} Kd7 {[%clk 0:00:48]} 33. Qb7+ {[%clk 1:02:28]} Ke8
{[%clk 0:00:54]} 34. Qxb8+ {[%clk 1:02:47]} Bd8 {[%clk 0:01:16]} 35. Rc8
{[%clk 0:56:43]} Kf7 {[%clk 0:00:35]} 36. Rxd8 {[%clk 0:56:15]} Rxd8
{[%clk 0:00:54]} 37. Qxd8 {[%clk 0:56:40]} Qxa4 {[%clk 0:01:12]} 38. Qxb6
{[%clk 0:56:51]} Qd1+ {[%clk 0:00:59]} 39. Ne1 {[%clk 0:57:10]} Ne3
{[%clk 0:00:47]} 40. Qb7+ {[%clk 0:56:31]} Kg6 {[%clk 0:00:47]} 41. Qb5
{[%clk 0:56:01]} Nc4 {[%clk 0:18:44]} 42. Qe8+ {[%clk 1:27:02]} Kf5
{[%clk 0:16:47]} 43. Qf7 {[%clk 1:24:37]} Qg4 {[%clk 0:10:45]} 44. exf6
{[%clk 1:22:56]} gxf6 {[%clk 0:10:52]} 45. Qh7+ {[%clk 1:23:08]} Qg6
{[%clk 0:10:09]} 46. Qxg6+ {[%clk 1:19:17]} Kxg6 {[%clk 0:10:36]} 47. Kf1
{[%clk 1:18:30]} Kf5 {[%clk 0:09:37]} 48. Nd3 {[%clk 1:18:57]} Nd2+
{[%clk 0:08:07]} 49. Ke2 {[%clk 1:19:25]} Ne4 {[%clk 0:08:02]} 50. Be1
{[%clk 1:19:51]} Nd6 {[%clk 0:07:35]} 51. Kf3 {[%clk 1:20:06]} Nb5
{[%clk 0:07:30]} 52. Bf2 {[%clk 1:20:01]} Nd6 {[%clk 0:06:12]} 53. Nb4
{[%clk 1:17:45]} Ne4 {[%clk 0:04:18]} 54. Be1 {[%clk 1:18:06]} Kg6
{[%clk 0:02:58]} 55. Nc6 {[%clk 1:18:12]} Kf7 {[%clk 0:01:58]} 56. Bb4
{[%clk 1:18:25]} Ke8 {[%clk 0:01:38]} 57. Na5 {[%clk 1:18:21]} Kd7
{[%clk 0:01:01]} 58. Nb3 {[%clk 1:18:31]} Kc6 {[%clk 0:00:38]} 59. Nc5
{[%clk 1:18:41]} Nxc5 {[%clk 0:00:36]} 60. Bxc5 {[%clk 1:19:06]} e5
{[%clk 0:00:46]} 61. fxe5 {[%clk 1:19:32]} fxe5 {[%clk 0:01:09]} 62. Ba7
{[%clk 1:19:49]} e4+ {[%clk 0:01:07]} 63. Ke3 {[%clk 1:20:00]} Kd6
{[%clk 0:01:22]} 64. Bc5+ {[%clk 1:20:18]} Ke6 {[%clk 0:01:42]} 65. Kf4
{[%clk 1:20:47]} Kf6 {[%clk 0:01:57]} 66. Bb4 {[%clk 1:21:14]} Ke6
{[%clk 0:01:41]} 67. Kg5 {[%clk 1:21:40]} e3 {[%clk 0:01:47]} 68. Kf4
{[%clk 1:22:08]} e2 {[%clk 0:02:04]} 69. Kf3 {[%clk 1:22:34]} Kf5
{[%clk 0:02:30]} 70. Kxe2 {[%clk 1:23:00]} Ke4 {[%clk 0:02:51]} 71. Bc5
{[%clk 1:23:29]} Kf5 {[%clk 0:02:47]} 72. Kf3 {[%clk 1:23:56]} Kg5
{[%clk 0:03:09]} 73. Bd6 {[%clk 1:24:11]} Kf5 {[%clk 0:03:06]} 74. Kg3
{[%clk 1:24:40]} Ke4 {[%clk 0:03:00]} 75. Be5 {[%clk 1:25:07]} Kf5
{[%clk 0:03:25]} 76. Kh4 {[%clk 1:25:35]} Kg6 {[%clk 0:03:49]} 77. g3
{[%cl

[Event "Asian Nations Cup - Women"]
[Site "http://asianchess.com/live/mnations/ancw/"]
[Date "2016.03.30"]
[Round "3"]
[Board "2"]
[White "Tan, Zhongyi"]
[Black "Udupitiya, U G S S S"]
[Result "1-0"]
[WhiteElo "2518"]
[BlackElo "1709"]
[PlyCount "0"]
[EventDate "2016.03.28"]
[EventType "team"]
[EventRounds "9"]
[EventCountry "UAE"]
[WhiteTeam "China"]
[BlackTeam "Sri Lanka"]

1. d4 {[%clk 1:29:30]} Nf6 {[%clk 1:30:57]} 2. c4 {[%clk 1:29:46]} e6
{[%clk 1:31:20]} 3. Nc3 {[%clk 1:28:29]} Bb4 {[%clk 1:31:40]} 4. Nf3
{[%clk 1:28:39]} O-O {[%clk 1:30:56]} 5. Bg5 {[%clk 1:28:48]} Bxc3+
{[%clk 1:29:21]} 6. bxc3 {[%clk 1:26:22]} d5 {[%clk 1:29:12]} 7. e3
{[%clk 1:26:22]} Nbd7 {[%clk 1:29:12]} 8. Bd3 {[%clk 1:18:05]} c5
{[%clk 1:28:18]} 9. O-O {[%clk 1:18:10]} b6 {[%clk 1:28:25]} 10. cxd5
{[%clk 1:18:28]} exd5 {[%clk 1:28:49]} 11. Qc2 {[%clk 1:18:29]} h6
{[%clk 1:29:06]} 12. Bh4 {[%clk 1:18:48]} Bb7 {[%clk 1:28:59]} 13. Bh7+
{[%clk 1:14:35]} Kh8 {[%clk 1:28:59]} 14. Bf5 {[%clk 1:15:01]} Qc7
{[%clk 1:26:46]} 15. Bg3 {[%clk 1:12:33]} Qc6 {[%clk 1:26:34]} 16. Rfd1
{[%clk 1:12:23]} Rfe8 {[%clk 1:23:14]} 17. dxc5 {[%clk 1:10:56]} bxc5
{[%clk 1:23:14]} 18. c4 {[%clk 1:11:00]} d4 {[%clk 1:22:18]} 19. exd4
{[%clk 1:10:59]} cxd4 {[%clk 1:22:39]} 20. Rxd4 {[%clk 1:11:00]} Ne5
{[%clk 1:20:57]} 21. Bxe5 {[%clk 1:06:53]} Rxe5 {[%clk 1:21:12]} 22. Rad1
{[%clk 1:02:36]} Rae8 {[%clk 1:16:00]} 23. Rd8 {[%clk 1:00:28]} R5e7
{[%clk 1:15:24]} 24. Rxe8+ {[%clk 0:59:19]} Rxe8 {[%clk 1:15:44]} 25. c5
{[%clk 0:54:48]} a5 {[%clk 1:10:45]} 26. h4 {[%clk 0:49:41]} Bc8 {[%clk 1:05:40]}
27. Bxc8 {[%clk 0:46:07]} Rxc8 {[%clk 1:05:58]} 28. Qc4 {[%clk 0:45:55]} Qxc5
{[%clk 1:04:13]} 29. Rd8+ {[%clk 0:45:47]} 1-0

[Event "Asian Nations Cup - Women"]
[Site "http://asianchess.com/live/mnations/ancw/"]
[Date "2016.03.30"]
[Round "3"]
[Board "4"]
[White "Enkhtuul, Altan-Ulzii"]
[Black "Soumya, Swaminathan"]
[Result "0-1"]
[WhiteElo "2209"]
[BlackElo "2384"]
[PlyCount "0"]
[EventDate "2016.03.28"]
[EventType "team"]
[EventRounds "9"]
[EventCountry "UAE"]
[WhiteTeam "Mongolia"]
[BlackTeam "India"]

1. Nf3 {[%clk 1:26:23]} Nf6 {[%clk 1:30:49]} 2. d4 {[%clk 1:26:22]} g6
{[%clk 1:31:13]} 3. Bg5 {[%clk 1:26:21]} Bg7 {[%clk 1:23:55]} 4. e3
{[%clk 1:26:35]} O-O {[%clk 1:21:41]} 5. c3 {[%clk 1:26:06]} b6 {[%clk 1:19:25]}
6. Be2 {[%clk 1:26:00]} c5 {[%clk 1:17:55]} 7. O-O {[%clk 1:26:01]} Bb7
{[%clk 1:18:16]} 8. h3 {[%clk 1:26:20]} d6 {[%clk 1:18:05]} 9. Nbd2
{[%clk 1:26:03]} Nbd7 {[%clk 1:17:32]} 10. a4 {[%clk 1:23:30]} a6
{[%clk 1:15:41]} 11. Re1 {[%clk 1:23:08]} Qc7 {[%clk 1:12:11]} 12. Bf1
{[%clk 1:21:13]} h6 {[%clk 1:10:47]} 13. Bh4 {[%clk 1:21:00]} Rfe8
{[%clk 0:59:27]} 14. Bg3 {[%clk 1:06:35]} Ne4 {[%clk 0:50:51]} 15. Nxe4
{[%clk 1:06:28]} Bxe4 {[%clk 0:51:16]} 16. Nd2 {[%clk 1:06:06]} Bc6
{[%clk 0:50:20]} 17. b4 {[%clk 0:46:33]} cxb4 {[%clk 0:49:24]} 18. cxb4
{[%clk 0:46:23]} b5 {[%clk 0:49:29]} 19. Rc1 Qb6 {[%clk 0:45:49]} 20. axb5
{[%clk 0:30:32]} Bxb5 {[%clk 0:43:24]} 21. Nc4 {[%clk 0:27:50]} Qb8
{[%clk 0:35:48]} 22. Qb3 {[%clk 0:24:07]} Nf6 {[%clk 0:34:55]} 23. Bd3
{[%clk 0:21:32]} Kh7 {[%clk 0:31:56]} 24. Bb1 {[%clk 0:18:09]} Rc8
{[%clk 0:20:00]} 25. Na5 {[%clk 0:13:18]} Be8 {[%clk 0:19:50]} 26. f4
{[%clk 0:09:56]} d5 {[%clk 0:13:39]} 27. Bh2 {[%clk 0:09:21]} Qb6
{[%clk 0:09:57]} 28. f5 {[%clk 0:09:36]} e6 {[%clk 0:09:56]} 29. fxg6+
{[%clk 0:09:52]} fxg6 {[%clk 0:10:24]} 30. Kh1 {[%clk 0:08:52]} Bf8
{[%clk 0:09:59]} 31. Rc5 {[%clk 0:06:22]} Nd7 {[%clk 0:07:18]} 32. Rec1
{[%clk 0:05:03]} Nxc5 {[%clk 0:06:10]} 33. dxc5 {[%clk 0:05:26]} Qd8
{[%clk 0:05:31]} 34. e4 {[%clk 0:04:38]} Bb5 {[%clk 0:04:47]} 35. exd5
{[%clk 0:04:02]} exd5 {[%clk 0:02:47]} 36. Rd1 {[%clk 0:02:57]} Qf6
{[%clk 0:02:55]} 37. Bg1 {[%clk 0:01:28]} Rd8 {[%clk 0:01:53]} 38. Bd4
{[%clk 0:01:13]} Qf7 {[%clk 0:01:29]} 39. h4 {[%clk 0:00:44]} Be2
{[%clk 0:01:12]} 40. Re1 {[%clk 0:00:56]} Re8 {[%clk 0:01:26]} 41. Qg3
{[%clk 0:25:58]} Bg7 {[%clk 0:27:20]} 42. Bxg7 {[%clk 0:20:27]} Kxg7
{[%clk 0:26:20]} 43. Nc6 {[%clk 0:19:35]} Qf6 {[%clk 0:25:47]} 44. Nd4
{[%clk 0:18:43]} Bg4 {[%clk 0:20:33]} 45. Rxe8 {[%clk 0:17:56]} Rxe8
{[%clk 0:20:52]} 46. Qxg4 {[%clk 0:16:16]} Re1+ {[%clk 0:21:13]} 47. Kh2
{[%clk 0:16:37]} Rxb1 {[%clk 0:19:50]} 48. Qd7+ {[%clk 0:16:40]} Qf7
{[%clk 0:18:45]} 49. c6 {[%clk 0:05:40]} Rxb4 {[%clk 0:17:46]} 50. Nf3
{[%clk 0:05:57]} Re4 {[%clk 0:16:01]} 51. Kh1 {[%clk 0:04:14]} Re7
{[%clk 0:15:10]} 52. Qd6 {[%clk 0:03:24]} a5 {[%clk 0:13:55]} 53. Kh2
{[%clk 0:02:10]} a4 {[%clk 0:13:23]} 54. Qb4 {[%clk 0:01:04]} Re4
{[%clk 0:12:36]} 55. Qb2+ {[%clk 0:01:08]} Qf6 {[%clk 0:12:56]} 56. Qb7+
{[%clk 0:01:22]} Re7 {[%clk 0:13:20]} 57. Qb4 {[%clk 0:01:17]} Rc7
{[%clk 0:12:58]} 58. Qxa4 {[%clk 0:01:06]} Qd6+ {[%clk 0:12:17]} 59. Kh3
{[%clk 0:01:05]} Rxc6 {[%clk 0:12:20]} 60. Qd4+ {[%clk 0:00:59]} Kg8
{[%clk 0:12:32]} 61. Qd3 {[%clk 0:00:38]} Qe6+ {[%clk 0:12:43]} 62. Kh2
{[%clk 0:01:02]} Qe4 {[%clk 0:12:49]} 63. Qd2 {[%clk 0:00:54]} Kh7
{[%clk 0:12:49]} 64. Qb2 {[%clk 0:00:43]} Re6 {[%clk 0:11:52]} 65. Qb7+
{[%clk 0:00:48]} Re7 {[%clk 0:12:19]} 66. Qb6 {[%clk 0:01:01]} Qf4+
{[%clk 0:12:12]} 67. Kh1 {[%clk 0:00:39]} Rc7 {[%clk 0:12:26]} 68. Kg1
{[%clk 0:00:39]} Rc1+ {[%clk 0:08:51]} 69. Kf2 {[%clk 0:01:07]} Rc2+
{[%clk 0:09:11]} 70. Kg1 {[%clk 0:01:24]} Qg3 {[%clk 0:09:32]} 71. Qa7+
{[%clk 0:01:24]} Rc7 {[%clk 0:09:11]} 72. Qe3 {[%clk 0:01:28]} Qd6
{[%clk 0:08:53]} 73. Nd4 {[%clk 0:00:48]} Re7 {[%clk 0:09:11]} 74. Qd2
{[%clk 0:01:04]} Re4 {[%clk 0:08:36]} 75. Nf3 {[%clk 0:01:21]} d4
{[%clk 0:08:28]} 76. h5 {[%clk 0:01:18]} d3 {[%clk 0:08:24]} 77. hxg6+
{[%clk 0:01:25]} Kxg6 {[%clk 0:08:47]} 7

[Event "Asian Nations Cup - Women"]
[Site "http://asianchess.com/live/mnations/ancw/"]
[Date "2016.03.31"]
[Round "4"]
[Board "3"]
[White "Dauletova, Gulmira"]
[Black "Hejazipour, Mitra"]
[Result "1/2-1/2"]
[WhiteElo "2269"]
[BlackElo "2332"]
[PlyCount "0"]
[EventDate "2016.03.28"]
[EventType "team"]
[EventRounds "9"]
[EventCountry "UAE"]
[WhiteTeam "Kazakhstan"]
[BlackTeam "Iran"]

1. e4 {[%clk 1:30:48]} c5 {[%clk 1:30:10]} 2. Nf3 {[%clk 1:30:19]} d6
{[%clk 1:30:30]} 3. Bb5+ {[%clk 1:29:30]} Nd7 {[%clk 1:30:28]} 4. c3
{[%clk 1:27:52]} Ngf6 {[%clk 1:30:18]} 5. Qe2 {[%clk 1:27:13]} a6
{[%clk 1:30:07]} 6. Ba4 {[%clk 1:25:46]} b5 {[%clk 1:30:08]} 7. Bc2
{[%clk 1:25:16]} Bb7 {[%clk 1:28:08]} 8. d4 {[%clk 1:21:27]} e5 {[%clk 1:25:13]}
9. O-O {[%clk 1:14:36]} Be7 {[%clk 1:24:35]} 10. a4 {[%clk 1:07:02]} O-O
{[%clk 1:18:46]} 11. d5 {[%clk 0:47:11]} c4 {[%clk 1:13:34]} 12. Nbd2
{[%clk 0:43:42]} Nc5 {[%clk 1:12:31]} 13. Re1 {[%clk 0:43:08]} Qc7
{[%clk 1:04:30]} 14. h3 {[%clk 0:34:59]} Rfb8 {[%clk 1:01:49]} 15. Nf1
{[%clk 0:22:52]} Bc8 {[%clk 0:46:54]} 16. Ng3 {[%clk 0:23:11]} bxa4
{[%clk 0:38:13]} 17. Qxc4 {[%clk 0:16:49]} Bd7 {[%clk 0:38:32]} 18. Nd2
{[%clk 0:17:02]} g6 {[%clk 0:36:21]} 19. Qe2 {[%clk 0:15:55]} Rb7
{[%clk 0:32:21]} 20. Ra3 {[%clk 0:15:23]} Rab8 {[%clk 0:31:10]} 21. Qe3
{[%clk 0:15:29]} Qc8 {[%clk 0:29:51]} 22. Kh2 {[%clk 0:14:49]} Bf8
{[%clk 0:26:27]} 23. Ne2 {[%clk 0:07:22]} Nh5 {[%clk 0:24:46]} 24. Qg5
{[%clk 0:05:21]} f6 {[%clk 0:17:32]} 25. Qe3 {[%clk 0:04:14]} a5 {[%clk 0:15:29]}
26. Kg1 {[%clk 0:02:51]} Bb5 {[%clk 0:10:03]} 27. c4 {[%clk 0:02:33]} Bd7
{[%clk 0:10:17]} 28. Rc3 {[%clk 0:02:18]} Rb4 {[%clk 0:09:25]} 29. Nb1
{[%clk 0:02:05]} f5 {[%clk 0:07:22]} 30. exf5 {[%clk 0:02:08]} Bxf5
{[%clk 0:07:50]} 31. Na3 {[%clk 0:00:41]} Nf6 {[%clk 0:04:43]} 32. Ng3
{[%clk 0:00:46]} Bxc2 {[%clk 0:04:56]} 33. Nxc2 {[%clk 0:01:15]} Rb3
{[%clk 0:04:41]} 34. Na3 {[%clk 0:01:40]} R8b4 {[%clk 0:02:51]} 35. Qd2
{[%clk 0:00:38]} Qc7 {[%clk 0:02:49]} 36. Nc2 {[%clk 0:00:42]} Rxc3
{[%clk 0:02:59]} 37. Qxc3 {[%clk 0:00:42]} Rb3 {[%clk 0:03:15]} 38. Qd2
{[%clk 0:01:11]} Nd3 {[%clk 0:03:18]} 39. Na1 {[%clk 0:00:58]} Nxe1
{[%clk 0:02:49]} 40. Nxb3 {[%clk 0:01:03]} axb3 {[%clk 0:02:56]} 41. Qxe1
{[%clk 0:01:21]} Qxc4 {[%clk 0:03:09]} 42. Bg5 {[%clk 0:01:49]} Nxd5
{[%clk 0:02:28]} 43. Qxa5 {[%clk 0:01:59]} h6 {[%clk 0:28:16]} 44. Bd2
{[%clk 0:31:23]} Nf4 {[%clk 0:27:18]} 45. Qa8 {[%clk 0:21:40]} Qd3
{[%clk 0:19:54]} 46. Ne4 {[%clk 0:11:42]} Kf7 {[%clk 0:15:04]} 47. Qb7+
{[%clk 0:11:54]} Be7 {[%clk 0:15:06]} 48. Bxf4 {[%clk 0:11:55]} exf4
{[%clk 0:15:27]} 49. Nc3 {[%clk 0:12:20]} Qc4 {[%clk 0:07:21]} 50. Nd5
{[%clk 0:12:08]} Qe4 {[%clk 0:07:30]} 51. Qxb3 {[%clk 0:12:00]} Qe1+
{[%clk 0:04:26]} 52. Kh2 {[%clk 0:12:29]} Qxf2 {[%clk 0:04:22]} 53. Nxf4+
{[%clk 0:11:12]} Kg7 {[%clk 0:04:39]} 54. Nd5 {[%clk 0:10:08]} Bg5
{[%clk 0:04:12]} 55. Qb7+ {[%clk 0:09:43]} Qf7 {[%clk 0:04:29]} 56. Qc6
{[%clk 0:06:41]} Bf4+ {[%clk 0:01:49]} 57. Nxf4 {[%clk 0:06:42]} Qxf4+
{[%clk 0:02:18]} 58. Kh1 {[%clk 0:06:39]} Qf1+ {[%clk 0:02:14]} 1/2-1/2

[Event "Asian Nations Cup - Women"]
[Site "http://asianchess.com/live/mnations/ancw/"]
[Date "2016.03.31"]
[Round "4"]
[Board "2"]
[White "Shaikha, Abdallah Aldhaheri"]
[Black "Udupitiya, U G S S S"]
[Result "0-1"]
[WhiteElo "1587"]
[BlackElo "1709"]
[PlyCount "0"]
[EventDate "2016.03.28"]
[EventType "team"]
[EventRounds "9"]
[EventCountry "UAE"]
[WhiteTeam "UAE - 2"]
[BlackTeam "Sri Lanka"]

1. d4 {[%clk 1:30:55]} Nf6 {[%clk 1:30:55]} 2. c4 {[%clk 1:31:00]} e6
{[%clk 1:31:20]} 3. g3 {[%clk 1:31:09]} c5 {[%clk 1:31:34]} 4. d5
{[%clk 1:27:54]} exd5 {[%clk 1:31:54]} 5. cxd5 {[%clk 1:28:16]} d6
{[%clk 1:32:20]} 6. Nc3 {[%clk 1:28:03]} g6 {[%clk 1:31:13]} 7. e4
{[%clk 1:27:00]} a6 {[%clk 1:29:12]} 8. a4 {[%clk 1:25:35]} Bg7 {[%clk 1:28:48]}
9. Bg2 {[%clk 1:23:18]} O-O {[%clk 1:28:53]} 10. Nf3 {[%clk 1:21:56]} Re8
{[%clk 1:26:01]} 11. Qd3 {[%clk 1:15:25]} Nxe4 {[%clk 1:03:01]} 12. Nxe4
{[%clk 1:13:38]} f5 {[%clk 1:03:26]} 13. Nfd2 {[%clk 1:13:21]} fxe4
{[%clk 1:03:14]} 14. Bxe4 {[%clk 1:12:47]} Bh3 {[%clk 1:00:27]} 15. Kd1
{[%clk 1:06:03]} Nd7 {[%clk 0:53:21]} 16. Nc4 {[%clk 0:56:31]} Nf6
{[%clk 0:46:09]} 17. f3 {[%clk 0:51:00]} Nxe4 {[%clk 0:45:00]} 18. fxe4
{[%clk 0:51:01]} Qe7 {[%clk 0:40:14]} 19. Re1 {[%clk 0:50:12]} b5
{[%clk 0:40:02]} 20. axb5 {[%clk 0:48:14]} axb5 {[%clk 0:40:23]} 21. Rxa8
{[%clk 0:48:02]} Rxa8 {[%clk 0:40:51]} 22. Na3 {[%clk 0:47:50]} c4
{[%clk 0:34:42]} 23. Qf3 {[%clk 0:46:41]} Qd7 {[%clk 0:34:31]} 24. Kc2
{[%clk 0:45:03]} Rc8 {[%clk 0:30:29]} 25. Bd2 {[%clk 0:41:31]} b4
{[%clk 0:29:24]} 26. Nb1 {[%clk 0:38:38]} Qa4+ {[%clk 0:26:06]} 27. Kc1
{[%clk 0:39:05]} Qa2 {[%clk 0:24:16]} 28. e5 {[%clk 0:38:58]} Bxe5
{[%clk 0:24:05]} 29. Rxe5 {[%clk 0:39:19]} dxe5 {[%clk 0:24:27]} 30. Qf6
{[%clk 0:39:08]} Rf8 {[%clk 0:17:29]} 31. Qxe5 {[%clk 0:38:11]} Bf5
{[%clk 0:17:43]} 32. Bh6 {[%clk 0:35:29]} Qxb1+ {[%clk 0:18:02]} 33. Kd2
{[%clk 0:35:56]} Qd3+ {[%clk 0:18:21]} 34. Ke1 {[%clk 0:35:57]} Qe4+
{[%clk 0:18:30]} 35. Qxe4 {[%clk 0:36:04]} Bxe4 {[%clk 0:18:59]} 36. Bxf8
{[%clk 0:35:28]} Kxf8 {[%clk 0:19:24]} 37. d6 {[%clk 0:35:51]} Ke8
{[%clk 0:19:49]} 38. Kd2 {[%clk 0:36:06]} Kd7 {[%clk 0:20:10]} 39. Ke3
{[%clk 0:36:25]} Bd3 {[%clk 0:19:29]} 0-1